000 00434nam a2200181Ia 4500
001 15534
005 20260306170203.0
008 260306t2010||||xx |||||||||||||| ||und||
041 _aESP
082 _a542.1
_bM29
100 _aMauri Aucejo, Adela
_eAUT
245 0 _aLaboratorio de análisis instrumental
260 _c2010
300 _a301 páginas :
_c28 cm.
650 _aGEN
654 _aCCN
942 _cLIB
_dJUS
_fJUS
_2ddc
_n
999 _c15534
_d15534